The speaking tree : (Record no. 128221)

MARC details
000 -LEADER
fixed length control field 00740nam a22002297a 4500
005 - DATE AND TIME OF LATEST TRANSACTION
control field 20170124110036.0
010 ## - LIBRARY OF CONGRESS CONTROL NUMBER
LC control number 651450
020 ## - INTERNATIONAL STANDARD BOOK NUMBER
Terms of availability 00.00
International Standard Book Number 0192151770
035 ## - SYSTEM CONTROL NUMBER
System control number 651450
037 ## - SOURCE OF ACQUISITION
Source of stock number/acquisition Cen Lib/Ret
040 ## - CATALOGING SOURCE
Original cataloging agency DPL
Language of cataloging EN
082 ## - DEWEY DECIMAL CLASSIFICATION NUMBER
Classification number 301.0954
Item number LAN
100 ## - MAIN ENTRY--PERSONAL NAME
Personal name Lannoy, Richard
9 (RLIN) 22733
245 ## - TITLE STATEMENT
Title The speaking tree :
Statement of responsibility, etc by Richard Lannoy
Remainder of title a study of Indian culture and society /
260 ## - PUBLICATION, DISTRIBUTION, ETC. (IMPRINT)
Place of publication, distribution, etc London
Name of publisher, distributor, etc Oxford University Press
Date of publication, distribution, etc 1971
270 ## - ADDRESS
Address Ely House
City London
300 ## - PHYSICAL DESCRIPTION
Extent xxvi,466p.:
Dimensions 23cm(Hb)
Other physical details col. ill.
500 ## - GENERAL NOTE
General note Includes bibliographical references and index<br/><br/>
650 ## - SUBJECT ADDED ENTRY--TOPICAL TERM
Topical term or geographic name as entry element India -- Civilization
9 (RLIN) 12282
650 ## - SUBJECT ADDED ENTRY--TOPICAL TERM
Topical term or geographic name as entry element Religion and state -- India
9 (RLIN) 22734
942 ## - ADDED ENTRY ELEMENTS (KOHA)
Source of classification or shelving scheme Dewey Decimal Classification
Koha item type English Books
Classification part 301.0954
Call number suffix LAN
Holdings
Withdrawn status Lost status Damaged status Not for loan Home library Current library Date acquired Source of acquisition Cost, normal purchase price Total Checkouts Full call number Barcode Date last seen Copy number Cost, replacement price Price effective from Koha item type
        Central Library Central Library 02/07/2015 Cen Lib/Ret 0.00   301.0954 LAN 651450 02/07/2015 1 0.00 02/07/2015 English Books

© Delhi Public Library
Hit Counter
free hit counter